Statistics for Club World Cup 2025 Teams

Click here to take the quiz!

General Stats

  • This quiz has been taken 7 times
  • The average score is 17 of 24

Answer Stats

CountryAnswer% Correct
SpainAtletico Madrid
100%
PortugalBenfica
100%
GermanyBorussia Dortmund
100%
EnglandChelsea
100%
ItalyInter Milan
100%
ItalyJuventus
100%
EnglandMan City
100%
FrancePSG
100%
SpainReal Madrid
100%
EgyptAl Ahly
83%
Saudi ArabiaAl-Hilal
83%
GermanyBayern Munich
83%
BrazilPalmeiras
83%
PortugalPorto
83%
BrazilFlamengo
67%
AustriaRB Salzburg
67%
New ZealandAuckland City
50%
BrazilFluminense
50%
MexicoLeon
50%
MexicoMonterrey
33%
USASeattle Sounders
33%
MoroccoWydad Casablanca
33%
South KoreaUlsan HD
17%
JapanUrawa Red Diamonds
17%

Score Distribution

Percentile by Number Answered

Percent of People with Each Score

Your Score History

You have not taken this quiz